000 00708nam a2200253Ia 4500
003 OSt
005 20220925222304.0
006 a|||||r|||| 00| 0
007 ta
008 220923b |||||||| |||| 00| 0 eng d
020 _a0333794451
037 _cGeneral Book
040 _aRTL
_cRTL
_beng
041 _2eng
_aeng
082 _aX:(B28), P1
100 _aTaylor Sonia
_9287484
245 0 _aBusiness statistics
_b A complete one semester cours
260 _aLondon
_bPalgrave
_c2001
300 _axvi;422p
_ccm.
500 _aAppendix p373-415
650 _aEconomics Irt Statistics
_9248516
942 _hX:(B28), P1
_cGB
_2CC
999 _c576612
_d576612